Kultúra profesionálov v cestovnom ruchu

Výklad pojmu kultúra. Základné funkcie kultúrneho systému. Subjekty kultúry. Kultúrna úroveň profesionálnych pracovníkov v cestovnom ruchu. Príspevok z riešenie Projektu VEGA č. 1/7707/20.

Guardado en:
Detalles Bibliográficos
Autor principal: Staňo, Roman
Formato: Capítulo de libro
Lenguaje:eslovaco
Materias:
Etiquetas: Agregar Etiqueta
Sin Etiquetas, Sea el primero en etiquetar este registro!

MARC

LEADER 00000naa$a2200000$$$4500
001 0008926
005 20221104095208.3
041 0 |a slo 
044 |a SK 
245 1 0 |a Kultúra profesionálov v cestovnom ruchu  |c aut. Roman Staňo 
520 |a Výklad pojmu kultúra. Základné funkcie kultúrneho systému. Subjekty kultúry. Kultúrna úroveň profesionálnych pracovníkov v cestovnom ruchu. Príspevok z riešenie Projektu VEGA č. 1/7707/20. 
610 2 0 |a ruch cestovný 
610 2 0 |a kultúra 
610 2 0 |a osobnosť 
610 2 0 |a kultúra procesu pracovného 
610 2 0 |a projekty 
100 1 |a Staňo, Roman